Central Library OPAC University of Rajshahi

A Kanarese grammar : (Record no. 61168)

MARC details
000 -LEADER
fixed length control field 00698nam a2200229 a 4500
001 - CONTROL NUMBER
control field 61168
003 - CONTROL NUMBER IDENTIFIER
rucl marc code BD-RjUL
005 - DATE AND TIME OF LATEST TRANSACTION
control field 20211209080929.0
008 - FIXED-LENGTH DATA ELEMENTS--GENERAL INFORMATION
fixed length control field 170115s1950 xx 000 0 eng d
035 ## - SYSTEM CONTROL NUMBER
System control number (BD-RjUL)61292
040 ## - CATALOGING SOURCE
Original cataloging agency PAU
Transcribing agency PAU
Modifying agency EQO
-- BD-RjUL
Language of cataloging eng
041 ## - LANGUAGE CODE
Language code of text/sound track or separate title eng
082 ## - DEWEY DECIMAL CLASSIFICATION NUMBER
Edition number 23
Classification number 494.8145
Author mark and year SPK 1950
100 1# - MAIN ENTRY--PERSONAL NAME
Personal name Spencer, Harold.
9 (RLIN) 182550
245 12 - TITLE STATEMENT
Title A Kanarese grammar :
Remainder of title with graduated exercises /
Statement of responsibility, etc. by Harold Spencer, revised by W. Peraton
260 ## - PUBLICATION, DISTRIBUTION, ETC. (IMPRINT)
Place of publication, distribution, etc. Mysore :
Name of publisher, distributor, etc. Printed at the Wesley Press,
Date of publication, distribution, etc. 1950.
300 ## - PHYSICAL DESCRIPTION
Pagination xii,452 p. ;
Size 22 cm.
500 ## - GENERAL NOTE
General note Includes index
650 #0 - SUBJECT ADDED ENTRY--TOPICAL TERM
Topical term or geographic name as entry element Kannada language
General subdivision Grammar.
9 (RLIN) 182551
700 1# - ADDED ENTRY--PERSONAL NAME
Personal name Perston, W.
942 ## - ADDED ENTRY ELEMENTS (KOHA)
Source of classification or shelving scheme Dewey Decimal Classification
Koha item type Books
Holdings
Lost status Source of classification or shelving scheme Damaged status Not for loan Collection code Permanent Location Current Location Shelving location Date acquired Total Checkouts Full call number Date last seen Copy number Koha item type
  Dewey Decimal Classification   Not For Loan Non-fiction Central Library, University of Rajshahi Central Library, University of Rajshahi Reading Room 24/01/1964   494.8145 SPK 1950 15/01/2017 C-1 Books